000
00281 a2200145 4500
001
164573
020
_a
040
_c
Magnum
100
_a
Bari, Ines
240
1
0
_a
O sonho encantado
_l
por
245
1
0
_a
O sonho encantado
362
0
_a
1899
697
_a
I/GERAL
942
_c
BK
999
_c
164573
_d
164573